[Event "Belp op"]
[Site "Belp"]
[Date "2015.05.25"]
[Round "5"]
[White "De Jonckheere, Cyrill"]
[Black "Rochat, Vivian"]
[Result "1-0"]
[WhiteElo "1773"]
[BlackElo "1941"]
[PlyCount "103"]
[EventDate "2015.05.23"]
[EventType "swiss"]
[EventRounds "5"]
[EventCountry "SUI"]
[SourceTitle "EXT 2016"]
[Source "ChessBase"]
[SourceDate "2015.10.08"]
[SourceVersion "1"]
[SourceVersionDate "2015.10.08"]
[SourceQuality "1"]

1. e4 c5 2. Nf3 Nc6 3. Nc3 d6 4. d4 cxd4 5. Nxd4 Nf6 6. Be2 g6 7. Be3 Bg7 8. 0-0 0-0 9. f4 Qb6 10. Qd3 Qxb2 11. Nb3 Qa3 12. h3 Ne8 13. f5 Bxc3 14. Qxc3 Qb4 15. Qxb4 Nxb4 16. Bd2 Nc6 17. Bh6 Ng7 18. Rad1 Rd8 19. Rf3 gxf5 20. Rg3 Ne5 21. Rxg7+ Kh8 22. Rg5 Rg8 23. Rxg8+ Kxg8 24. exf5 Bxf5 25. Nd4 Be4 26. Kf2 Rc8 27. g3 f5 28. Rf1 Nf7 29. Be3 e5 30. Nb5 Rxc2 31. Rc1 Rxc1 32. Bxc1 a6 33. Nc3 Bc6 34. Bc4 Kg7 35. Nd5 e4 36. Ke3 Ne5 37. Bb3 h5 38. Ba3 Nf7 39. Nf4 h4 40. gxh4 Bd7 41. Bd5 b5 42. Bb4 Bc8 43. Ne6+ Kf6 44. Nd4 Ne5 45. Bxd6 Nd3 46. h5 Kg5 47. Bf7 Bb7 48. Be7+ Kh6 49. Nxf5+ Kh7 50. Bg6+ Kh8 51. Bf6+ Kg8 52. h6 1-0

[Event "Belp op"]
[Site "Belp"]
[Date "2015.05.24"]
[Round "3"]
[White "De Jonckheere, Cyrill"]
[Black "Dill, Xaver"]
[Result "1-0"]
[WhiteElo "1773"]
[BlackElo "1971"]
[PlyCount "71"]
[EventDate "2015.05.23"]
[EventType "swiss"]
[EventRounds "5"]
[EventCountry "SUI"]
[SourceTitle "EXT 2016"]
[Source "ChessBase"]
[SourceDate "2015.10.08"]
[SourceVersion "1"]
[SourceVersionDate "2015.10.08"]
[SourceQuality "1"]

1. e4 c5 2. Nf3 d6 3. Nc3 a6 4. d4 cxd4 5. Nxd4 Nf6 6. Be2 e6 7. Be3 Be7 8. 0-0 0-0 9. f4 Qc7 10. Qe1 Nbd7 11. Qg3 Nc5 12. Bf3 e5 13. fxe5 dxe5 14. Bh6 Ne8 15. Nd5 Qd6 16. Nxe7+ Qxe7 17. Nf5 Bxf5 18. exf5 e4 19. Be2 Qc7 20. Qg4 Kh8 21. Bf4 Qc6 22. Rad1 Nf6 23. Qh4 Nd5 24. Bc1 f6 25. Qg3 Rad8 26. c4 Nb4 27. Bd2 Nbd3 28. Bc3 Qb6 29. Qe3 Qc6 30. Bd4 Qd6 31. Bxc5 Qxc5 32. Rxd3 Qe5 33. Rxd8 Rxd8 34. Qc3 Qxc3 35. bxc3 Kg8 36. Rd1 1-0

[Event "SUI-ch U14"]
[Site "Cham"]
[Date "2014.07.04"]
[Round "4"]
[White "De Jonckheere, Cyrill"]
[Black "Brandis, Benjamin"]
[Result "0-1"]
[WhiteElo "1544"]
[BlackElo "1842"]
[PlyCount "114"]
[EventDate "2014.07.03"]
[EventType "swiss"]
[EventRounds "7"]
[EventCountry "SUI"]
[SourceTitle "CBM 161 Extra"]
[Source "ChessBase"]
[SourceDate "2014.08.29"]
[SourceVersion "1"]
[SourceVersionDate "2014.08.29"]
[SourceQuality "1"]

1. e4 e5 2. Nf3 Nc6 3. d4 exd4 4. Nxd4 Nf6 5. Nc3 Bb4 6. Nxc6 bxc6 7. Bd3 0-0 8. 0-0 d5 9. exd5 cxd5 10. Bg5 Be7 11. Re1 c6 12. Qe2 Be6 13. Rad1 h6 14. Bh4 Rb8 15. b3 Bb4 16. Qe5 Re8 17. f3 Nd7 18. Bxd8 Nxe5 19. Bc7 Nxd3 20. Rxd3 Rbc8 21. Be5 f6 22. Bf4 d4 23. Ne4 Bxe1 24. Nd6 Bc3 25. Bd2 Bxd2 26. Rxd2 Red8 27. Nxc8 Bxc8 28. Kf2 c5 29. g4 g5 30. Ke2 Re8+ 31. Kf2 Kf7 32. Kg3 Re3 33. Kf2 a5 34. a3 Kg6 35. b4 Rxa3 36. bxc5 Rc3 37. Rxd4 Rxc2+ 38. Kg3 Rxc5 39. Rd6 a4 40. Rd4 a3 41. Ra4 Rc3 42. Kf2 Bb7 43. Ke2 Bxf3+ 44. Kd2 Rb3 45. Kc2 Rb2+ 46. Kc1 Rxh2 47. Rxa3 Bxg4 48. Rg3 f5 49. Kb1 h5 50. Ra3 h4 51. Ra6+ Kh5 52. Ra8 Bf3 53. Rh8+ Kg4 54. Rb8 h3 55. Rb4+ Be4+ 56. Kc1 Rc2+ 57. Kd1 h2 0-1

[Event "SUI-ch U12"]
[Site "Geneve"]
[Date "2013.06.29"]
[Round "6"]
[White "De Jonckheere, Cyrill"]
[Black "Naegelin, Lars"]
[Result "0-1"]
[WhiteElo "1494"]
[BlackElo "1704"]
[PlyCount "134"]
[EventDate "2013.06.27"]
[EventType "swiss"]
[EventRounds "7"]
[EventCountry "SUI"]
[SourceTitle "EXT 2014"]
[Source "ChessBase"]
[SourceDate "2013.11.20"]
[SourceVersion "1"]
[SourceVersionDate "2013.11.20"]
[SourceQuality "1"]

1. e4 c5 2. Nf3 d6 3. d4 cxd4 4. Nxd4 Nf6 5. Nc3 a6 6. Be2 e6 7. Be3 Be7 8. 0-0 b5 9. a3 Bb7 10. Bf3 Nbd7 11. Nb3 0-0 12. Qd2 Ne5 13. Qe2 Nfd7 14. Rad1 Nc4 15. a4 Nxb2 16. Ra1 Nxa4 17. Nxa4 bxa4 18. Rxa4 Ne5 19. Rd1 Qc8 20. Ra2 Bc6 21. Nd4 Rd8 22. Nxc6 Qxc6 23. Rda1 Rdb8 24. h3 Nxf3+ 25. Qxf3 Bf6 26. Rd1 Rb2 27. Rxb2 Bxb2 28. Rd2 Be5 29. Bf4 Bxf4 30. Qxf4 Rd8 31. Qe3 a5 32. f3 Rb8 33. Qa3 Qc5+ 34. Qxc5 dxc5 35. c3 f6 36. Kf2 Kf8 37. Ke3 Ke7 38. Ra2 Ra8 39. Ra4 Kd6 40. Kd3 e5 41. g3 Kc6 42. Kc4 Kb6 43. Ra2 Kc6 44. Ra4 g6 45. Ra2 a4 46. Ra3 f5 47. Ra2 fxe4 48. fxe4 h5 49. h4 a3 50. Kb3 Rb8+ 51. Kxa3 c4 52. Rf2 Rb3+ 53. Ka2 Rxc3 54. Rf6+ Kc5 55. Rxg6 Kd4 56. Kb2 Rb3+ 57. Kc2 Kxe4 58. Rg5 Kd4 59. Rxh5 Rxg3 60. Rg5 Rh3 61. h5 e4 62. Kd2 c3+ 63. Kc2 Rh2+ 64. Kc1 e3 65. Kd1 c2+ 66. Kc1 e2 67. Rg4+ Ke3 0-1

[Event "SUI-ch U12"]
[Site "Geneve"]
[Date "2013.06.27"]
[Round "1"]
[White "Lu, Hanqi"]
[Black "De Jonckheere, Cyrill"]
[Result "1-0"]
[WhiteElo "1606"]
[BlackElo "1494"]
[PlyCount "61"]
[EventDate "2013.06.27"]
[EventType "swiss"]
[EventRounds "7"]
[EventCountry "SUI"]
[SourceTitle "EXT 2014"]
[Source "ChessBase"]
[SourceDate "2013.11.20"]
[SourceVersion "1"]
[SourceVersionDate "2013.11.20"]
[SourceQuality "1"]

1. e4 c5 2. c3 d6 3. d4 Nf6 4. dxc5 Nxe4 5. Qa4+ Nc6 6. Qxe4 dxc5 7. Nf3 g6 8. Bb5 Bd7 9. Be3 Qb6 10. Qc4 a6 11. Bxc5 Qxb5 12. Qxb5 axb5 13. Na3 Be6 14. Nxb5 Rxa2 15. Rd1 Bd7 16. Ba3 e6 17. Bxf8 Rxf8 18. b3 Ke7 19. 0-0 Rc8 20. Nd6 Rc7 21. Ng5 Ne5 22. f4 f6 23. fxe5 fxg5 24. Rf7+ Kd8 25. Rf8+ Ke7 26. Rdf1 Ra1 27. R8f7+ Kd8 28. Rxa1 Rxc3 29. Ra8+ Bc8 30. Rxc8+ Rxc8 31. Rf8+ 1-0